000 01724cam a2200397 a 4500
999 _c1260
_d1260
001 1710176
003 CaAEU
005 20210624123941.0
008 930406s1989 onc 1 0 eng d
016 _a890948879
020 _a0075495686 :
_z0075495694 S.G. 1
_z0075495708 S.G. 2
_z0075499444 S.G. 3
_z0075495716 T.G.
035 _aocm20265964
040 _aCaOTU
_beng
_cCaOTU
_dCaOONL
_dAEU
050 _aHF5635
_b.K32 1989
055 0 _aHF5635
_b.K32 1989
082 0 _a657
_220
090 0 _aHF 5630 .K142 1989
_bAEU
100 1 _aKaluza, Henry J.,
_d1930-
245 1 0 _aElements of accounting :
_ba senior course /
_cHenry J. Kaluza, William G. Leonard, Janet L. Kennedy Ambacher.
250 _a3rd ed.
260 _aToronto :
_bMcGraw-Hill Ryerson,
_cc1989.
300 _axi, 584 p. ;
_c24 cm.
336 _atext
_btxt
_2rdacontent
337 _aunmediated
_bn
_2rdamedia
338 _avolume
_bnc
_2rdacarrier
500 _aAccompanied by Instructor's guide and Solutions [tch.gd.], 1 set (8 disks) of Summation, Version 2.31 floppy disks [disks], Study guide and working papers 1 (Chapters 1-5) [wk.pap.1], Study guide and working papers 2 (Chapters 6-11) [wk.pap.2.], and Study guide and working papers 3 (Chapters 12-17) [wk.pap.3].
500 _aIncludes index.
500 _aInstructor's guide and solutions and Working papers published in 1990.
500 _a1st ed. published in 1971 under title: Elements of accounting : a systems approach : advanced course.
521 _aFor grades 10-12.
590 _aApproved for use in Alberta schools, 1994.
650 0 _aAccounting.
700 1 _aLeonard, W. G.
_q(William George),
_d1911-
700 1 _aAmbacher, Janet L. Kennedy.
942 _2lcc
_cBK
_nMM